000 01759cam a22005174i 4500
003 PE-LiUPU
005 20250731165632.0
008 150616s r 000 0 d
035 _a(Sirsi) a6612
035 _a(Sirsi) a6612
040 _aPE-LiUPU
_bspa
_cPE-LiUPU
_erda
049 _aPRUA
082 0 4 _a221.077
_bAT
_221
100 1 _aGordon, R. P,
_eautor.
245 1 0 _a1 & 2 Samuel.
_n9 /
_cR. P Gordon.
264 1 _aSheffield, Gran Bretaña :
_bSheffield Academic Press Ltd.,
_c1993.
300 _a97 páginas ;
_c22 cm.
336 _atext
_2rdacontent
337 _aunmediated
_2rdamedia
338 _avolume
_2rdacarrier
490 0 _aOld Testament Guides
504 _aBibliografía al final de cada capítulo.
505 0 _aComentarios sobre los libros de I y II de Samuel Samuel.
526 _aSEG44
526 _aSEG26
526 _aP151
526 _aP150
526 _aP149
526 _aP146
526 _aP145
526 _aP126
526 _aP125
526 _aP92
526 _aP75
526 _aP74
526 _aP27
526 _aP15
630 _aBiblia.
_pA.T.
_pSamuel I, II
_xComentarios.
910 _ajck
_bjvq
_cjck
942 _2ddc
_cBOOK
949 _aRC 221.077 AT 9
_wDEWEY
_c1
_i39987
_lRC
_mBUL
_r0
_sY
_tBOOK
_u2015-6-16
_xTEOLOGIA
_zUNKNOWN
_0COMPRA
_o.CIRCNOTE. No olvidar cambiar la fecha de devolución!!!!!!!
_o.STAFF. Colección General
994 _aC0
_bPEPRU
596 _a1
999 _aRC 221.077 AT 9
_wDEWEY
_c57765
_i39987
_f2021-11-8
_g6
_lCCODEBUL1
_mBUL
_r1
_sY
_tBOOK
_u2015-6-16
_xTEOLOGIA
_zUNKNOWN
_0COMPRA
_o.CIRCNOTE. No olvidar cambiar la fecha de devolución!!!!!!!
_o.STAFF. Colección General
_d57765
980 _81
_gALBERTO SANCHEZ Responsable de Automatización